[Event "Défi"]
[Site "www.echecsemail.com"]
[Date "2026.01.08"]
[Round "1"]
[White "Alain34"]
[Black "Tiounet"]
[WhiteElo "2100"]
[BlackElo "1600"]
[Result "1-0"]
1.e4 a6
2.d4 b5
3.f4 Bc8b7
4.Bf1d3 Ng8f6
5.Nb1d2 g6
6.Ng1f3 Bf8g7
7.O-O O-O
8.c3 Rf8e8
9.Qd1e1 d6
10.e5 dxe5
11.fxe5 Nf6d5
12.Nd2e4 Nb8d7
13.Qe1g3 Ra8c8
14.Qg3h3 Nd5b6
15.Nf3g5 Nb6d5
16.Qh3xh7 Kf8
17.Rf1xf7 1-0

[Event "Tournoi n27377"]
[Site "www.echecsemail.com"]
[Date "2026.01.08"]
[Round "1"]
[White "Tiounet"]
[Black "Mokanne"]
[WhiteElo "1690"]
[BlackElo "1450"]
[Result "1-0"]
1.a3 d5
2.b4 Bc8d7
3.Bc1b2 Bd7b5
4.d3 b6
5.g3 e6
6.Bf1g2 Bb5c6
7.Ng1f3 f6
8.O-O Bf8e7
9.Nb1d2 Be7d6
10.Ra1c1 Bc6b5
11.c4 Bb5c6
12.cxd5 exd5
13.Nf3d4 Bc6b7
14.Nd4e6 Qd8e7
15.Ne6d4 Nb8d7
16.Nd4f5 Qe7f7
17.Nf5xd6 cxd6
18.Rc1c7 Ra8b8
19.Bg2h3 f5
20.Nd2f3 g6
21.Bb2xh8 Ng8f6
22.Bh8xf6 Qf7xf6
23.Qd1a1 Qf6xa1
24.Rf1xa1 Kd8
25.Rc7c2 Nd7e5
26.Nf3d4 Kd7
27.Ra1c1 Rb8c8
28.Rc2xc8 Bb7xc8
29.Bh3g2 Bc8b7
30.Nd4b5 a6
31.Rc1c7 { abandon }1-0

[Event "Défi( 10J+24H/c 10J Max )"]
[Site "www.echecsemail.com"]
[Date "2026.01.08"]
[Round "1"]
[White "Bertelsen"]
[Black "Vb83"]
[WhiteElo "1730"]
[BlackElo "1440"]
[Result "1-0"]
1.d4 e5
2.d5 Bf8c5
3.e4 Qd8f6
4.Ng1f3 d6
5.c3 Bc8g4
6.Nb1d2 b5
7.b4 Bc5b6
8.Bf1e2 Bg4xf3
9.Nd2xf3 a5
10.Bc1d2 axb4
11.cxb4 Nb8d7
12.O-O Ng8e7
13.Be2xb5 Ra8b8
14.Bb5xd7 Kxd7
15.a4 Bb6d4
16.Ra1b1 c6
17.Bd2g5 Qf6g6
18.Bg5xe7 Kxe7
19.Nf3xd4 exd4
20.dxc6 Qg6xe4
21.Rf1e1 Qe4xe1
22.Qd1xe1 Kd8
23.b5 Rh8e8
24.Qe1b4 Re8e6
25.b6 d3
26.c7 { abandon }1-0

[Event "Défi"]
[Site "www.echecsemail.com"]
[Date "2026.01.08"]
[Round "1"]
[White "Berjay"]
[Black "Vvvv"]
[WhiteElo "1700"]
[BlackElo "1700"]
[Result "0-1"]
1.e4 e5
2.Ng1f3 Nb8c6
3.Bf1c4 Bf8c5
4.d3 f5
5.Nb1c3 d6
6.O-O f4
7.a3 a6
8.Nc3d5 Ng8e7
9.Nf3g5 O-O
10.Nd5xc7 d5
11.Nc7xa8 dxc4
12.Qd1h5 h6
13.Ng5f3 cxd3
14.cxd3 Qd8xd3
15.Na8c7 Qd3xe4
16.Rf1e1 Qe4c2
17.Qh5h4 Ne7f5
18.Qh4h5 Bc5xf2
19.Kh1 Bf2xe1
20.Nf3xe1 Qc2e4
21.Ne1f3 Nc6d4
22.Bc1d2 Nd4xf3
23.gxf3 Qe4c2
24.Bd2b4 Nf5e3
25.Ra1g1 Rf8f7
26.Nc7e8 Bc8g4
27.fxg4 Qc2c6
28.Rg1g2 Qc6xg2
0-1

[Event "XERTIGNY  VOSGES"]
[Site "www.echecsemail.com"]
[Date "2026.01.08"]
[Round "1"]
[White "Petitlulu64"]
[Black "Mindthegap"]
[WhiteElo "1760"]
[BlackElo "1500"]
[Result "1-0"]
1.e4 e5
2.Ng1f3 Ng8f6
3.Bf1c4 Nf6xe4
4.d3 Ne4c5
5.Nf3g5 d5
6.Ng5xf7 Kxf7
7.Qd1f3 Ke6
8.Qf3g4 Kd6
9.Qg4e2 dxc4
10.dxc4 Nb8d7
11.O-O b6
12.Rf1d1 Kc6
13.Qe2f3 e4
14.Qf3f5 g6
15.Qf5d5 1-0

[Event "Défi"]
[Site "www.echecsemail.com"]
[Date "2026.01.08"]
[Round "1"]
[White "Claudius94"]
[Black "Jmr"]
[WhiteElo "1899"]
[BlackElo "1540"]
[Result "1-0"]
1.e4 e5
2.Ng1f3 Nb8c6
3.c3 Ng8f6
4.d3 h6
5.Bf1e2 Bf8c5
6.O-O d6
7.Nb1d2 O-O
8.Rf1e1 a6
9.Nd2b3 Bc5a7
10.Be2f1 Rf8e8
11.Bc1e3 Bc8g4
12.Bf1e2 Qd8d7
13.Be3xa7 Nc6xa7
14.c4 Na7c6
15.Qd1c2 Nc6b4
16.Qc2d2 Nb4c6
17.Qd2d1 b5
18.Nf3d2 Bg4xe2
19.Qd1xe2 b4
20.a3 a5
21.f3 a4
22.Nb3c1 b3
23.Nd2f1 Nc6d4
24.Qe2f2 Nd4c2
25.Nc1xb3 Nc2xe1
26.Qf2xe1 axb3
27.Nf1g3 g6
28.Ng3e2 c6
29.Qe1d2 Kg7
30.Ra1d1 d5
31.Qd2c1 d4
32.Rd1f1 c5
33.Qc1d2 Re8h8
34.h3 h5
35.f4 exf4
36.Ne2xf4 g5
37.Nf4e6 Qd7xe6
38.Qd2xg5 Kf8
39.Rf1xf6 Rh8g8
40.Qg5h6 { abandon }1-0

[Event "Défi"]
[Site "www.echecsemail.com"]
[Date "2026.01.08"]
[Round "1"]
[White "Kaspy"]
[Black "Arno"]
[WhiteElo "1860"]
[BlackElo "1780"]
[Result "1-0"]
1.e4 Nb8c6
2.Ng1f3 f5
3.d3 fxe4
4.dxe4 d6
5.h3 Ng8f6
6.Nb1c3 e5
7.a3 Bf8e7
8.Bf1c4 b6
9.O-O Bc8b7
10.Nf3g5 { abandon }1-0

[Event "Amical( 10J+24H/c 10J Max )"]
[Site "www.echecsemail.com"]
[Date "2026.01.08"]
[Round "1"]
[White "Patau"]
[Black "Woluwe1975"]
[WhiteElo "1700"]
[BlackElo "1610"]
[Result "1-0"]
1.e4 c5
2.Ng1f3 e6
3.d4 d5
4.Bf1b5 Bc8d7
5.Qd1e2 dxe4
6.Bb5xd7 Nb8xd7
7.Qe2xe4 Ng8f6
8.Qe4xb7 cxd4
9.Nf3xd4 Bf8e7
10.O-O O-O
11.Nb1c3 Qd8b6
12.Qb7xb6 axb6
13.Bc1g5 h6
14.Bg5e3 Nf6d5
15.Nc3xd5 exd5
16.Nd4c6 Be7f6
17.c3 Rf8e8
18.a3 Ra8a4
19.Be3d4 Bf6xd4
20.Nc6xd4 Nd7f6
21.Rf1e1 Ra4a8
22.Re1xe8 Ra8xe8
23.Kf1 Nf6g4
24.Nd4f3 b5
25.h3 Ng4f6
26.Ra1e1 Re8d8
27.Nf3d4 Kf8
28.Nd4xb5 Rd8b8
29.a4 Nf6e4
30.Re1d1 Ne4f6
31.f3 Ke7
32.Rd1e1 Kd7
33.Re1d1 Kc6
34.Nb5d4 Kc5
35.b3 Rb8b7
36.Rd1e1 Nf6h5
37.Kf2 Nh5f4
38.Re1e8 Nf4d3
39.Ke3 Nd3e1
40.Re8c8 Kd6
41.Rc8c6 Ke5
42.f4 1-0

[Event "Défi"]
[Site "www.echecsemail.com"]
[Date "2026.01.08"]
[Round "1"]
[White "Lancov"]
[Black "Elghribi"]
[WhiteElo "1930"]
[BlackElo "1950"]
[Result "0-1"]
1.e4 d6
2.d4 Ng8f6
3.Nb1c3 g6
4.f3 Bf8g7
5.Ng1e2 O-O
6.Bc1e3 h6
7.Qd1d2 Kh7
8.O-O-O Nb8c6
9.g4 e5
10.d5 Nc6e7
11.h4 Nf6d7
12.Bf1h3 f5
13.gxf5 gxf5
14.exf5 Ne7xf5
15.Bh3xf5 Rf8xf5
16.Rd1f1 Rf5f8
17.Nc3e4 Nd7f6
18.Rf1g1 Bc8f5
19.Ne2g3 Nf6xe4
20.fxe4 Bf5g4
21.Qd2g2 Bg4f3
22.Qg2h3 Bf3xh1
23.Rg1xh1 Rf8f3
24.Be3d2 Qd8c8
25.Qh3g2 Qc8g4
26.Rh1g1 Ra8f8
27.Bd2e1 Bg7f6
{ abandon }0-1

[Event "Défi"]
[Site "www.echecsemail.com"]
[Date "2026.01.08"]
[Round "1"]
[White "Gediato30"]
[Black "Bournivergne"]
[WhiteElo "2100"]
[BlackElo "2300"]
[Result "1/2-1/2"]
1.c4 g6
2.Nb1c3 Bf8g7
3.Ng1f3 c5
4.g3 Nb8c6
5.Bf1g2 d6
6.O-O e6
7.d4 cxd4
8.Nc3b5 Ng8e7
9.Nb5xd4 a6
10.Bc1g5 h6
11.Bg5e3 O-O
12.Qd1d2 Kh7
13.Ra1c1 Qd8c7
14.a3 b6
15.b4 Nc6xd4
16.Nf3xd4 Bc8b7
17.Nd4f3 Ne7f5
18.c5 dxc5
19.bxc5 Nf5xe3
20.Qd2xe3 bxc5
21.Rc1xc5 Qc7b6
22.Rf1c1 Ra8c8
23.Nf3e5 Rc8xc5
24.Qe3xc5 Qb6xc5
25.Rc1xc5 Rf8c8
26.Rc5xc8 Bb7xc8
27.Ne5xf7 Bg7f8
28.a4 Bc8d7
29.a5 Bf8b4
30.Nf7e5 Bd7b5
31.Ne5c6 Bb5xc6
32.Bg2xc6 Bb4xa5
33.Bc6b7 Kg7
34.Bb7xa6 Kf6
35.e3 e5
36.Ba6d3 g5
37.Kg2 Ba5c3
38.Kf3 Bc3b2
39.Bd3e4 Bb2c3
40.g4 Bc3b2
41.Ke2 Bb2a3
42.Be4d5 Ba3d6
43.Kd3 Bd6b8
44.h3 Bb8c7
45.Kc4 Bc7d6
46.Kb5 Bd6a3
47.Kc6 Ba3b4
48.Kb5 { nul }1/2-1/2

[Event "VIC LA GARDIOLE"]
[Site "www.echecsemail.com"]
[Date "2026.01.08"]
[Round "1"]
[White "4x4"]
[Black "Mindthegap"]
[WhiteElo "1460"]
[BlackElo "1440"]
[Result "1-0"]
1.e4 e5
2.Ng1f3 Nb8c6
3.Nb1c3 Ng8f6
4.d4 exd4
5.Nf3xd4 Bf8b4
6.Bc1g5 h6
7.Bg5xf6 Qd8xf6
8.Nd4e2 O-O
9.f3 d5
10.a3 Bb4xc3
11.Ne2xc3 dxe4
12.Nc3xe4 Rf8e8
13.Bf1d3 Bc8f5
14.Qd1d2 Nc6d4
15.O-O-O Bf5xe4
16.fxe4 Nd4b3
17.cxb3 Qf6c6
18.Kb1 Ra8d8
19.Qd2c3 Qc6xc3
20.bxc3 Re8e5
21.Rh1e1 b5
22.Bd3xb5 Re5xb5
23.Rd1xd8 Kh7
24.Kb2 Rb5g5
25.g3 Rg5h5
26.h4 g5
27.Rd8d7 gxh4
28.gxh4 Rh5xh4
29.Rd7xf7 { abandon }1-0

[Event "TRISTAN DA CUNHA"]
[Site "www.echecsemail.com"]
[Date "2026.01.08"]
[Round "1"]
[White "Mindthegap"]
[Black "4x4"]
[WhiteElo "1420"]
[BlackElo "1420"]
[Result "0-1"]
1.e4 e5
2.Ng1f3 Nb8c6
3.Nb1c3 Ng8f6
4.Bf1c4 d6
5.d3 Bc8g4
6.O-O Nc6d4
7.Nc3e2 Nd4xf3
8.gxf3 Bg4h3
9.Bc1e3 Bh3xf1
10.Qd1xf1 b6
11.c3 Bf8e7
12.Qf1g2 g6
13.f4 Nf6d7
14.Qg2h3 Nd7c5
15.Qh3h6 Qd8d7
16.Qh6g7 O-O-O
17.Qg7xf7 Rd8f8
18.Qf7d5 c6
19.Be3xc5 cxd5
20.Bc4a6 Kc7
21.d4 bxc5
22.dxe5 dxe5
23.Ra1d1 d4
24.cxd4 Be7d6
25.a4 Qd7xa4
26.Ba6d3 Qa4xd1
{ abandon }0-1

[Event "SOUPE UNE BONNE SOUPE"]
[Site "www.echecsemail.com"]
[Date "2026.01.08"]
[Round "1"]
[White "Mindthegap"]
[Black "Katastrofic"]
[WhiteElo "1440"]
[BlackElo "1460"]
[Result "0-1"]
1.d4 f5
2.e3 d6
3.Ng1f3 d5
4.Nb1c3 e6
5.e4 fxe4
6.Nf3e5 Nb8d7
7.Qd1h5 g6
8.Ne5xg6 Ng8f6
9.Qh5h4 Rh8g8
10.Bc1g5 hxg6
11.Nc3b5 Bf8e7
12.Bf1e2 Kf7
13.Bg5xf6 Be7xf6
14.Qh4h7 Kf8
15.h4 Qd8e7
16.Qh7xe7 Bf6xe7
17.Nb5xc7 Ra8b8
18.Nc7xe6 Kf7
19.Ne6c7 a6
20.Nc7xd5 Nd7e5
21.O-O-O Be7d6
22.f4 Bc8g4
23.Be2xg4 Ne5xg4
24.f5 Ng4f2
25.fxg6 Rg8xg6
26.Rh1f1 Bd6g3
27.Rd1d2 Ke6
28.Nd5c7 Kd6
29.Rd2xf2 Bg3xf2
30.Rf1xf2 Kxc7
31.Rf2f7 Kd6
32.Rf7f4 Rb8e8
33.c3 Rg6xg2
{ abandon }0-1

[Event "Coupe Niveau 3"]
[Site "www.echecsemail.com"]
[Date "2026.01.08"]
[Round "1"]
[White "Woluwe1975"]
[Black "4x4"]
[WhiteElo "1640"]
[BlackElo "1470"]
[Result "1-0"]
1.e4 e5
2.Ng1f3 d6
3.Nb1c3 Nb8c6
4.Bf1c4 Bc8e6
5.Bc4b5 a6
6.Bb5xc6 bxc6
7.b3 Bf8e7
8.d4 exd4
9.Nf3xd4 c5
10.Nd4xe6 fxe6
11.O-O Be7f6
12.Bc1b2 Bf6xc3
13.Bb2xc3 e5
14.f4 Ng8f6
15.fxe5 dxe5
16.Qd1e2 O-O
17.Bc3xe5 Qd8d7
18.h3 Ra8d8
19.Qe2c4 Kh8
20.Ra1d1 Qd7c6
21.Be5xf6 gxf6
22.Rd1d5 Rd8xd5
23.exd5 Qc6d6
24.Qc4d3 Rf8f7
25.c4 Qd6e5
26.Qd3c2 Rf7g7
27.Kh1 h5
28.Qc2f2 Rg7f7
29.Qf2xc5 Kg7
30.b4 h4
31.a4 f5
32.b5 axb5
33.a5 bxc4
34.Qc5xc4 Kg6
35.a6 c6
36.dxc6 Rf7c7
37.Qc4a4 Kg5
38.a7 Rc7xa7
39.Qa4xa7 Qe5e2
40.Qa7g7 Kh5
41.Rf1xf5 1-0

[Event "Défi( 10J+24H/c 10J Max )"]
[Site "www.echecsemail.com"]
[Date "2026.01.08"]
[Round "1"]
[White "Katastrofic"]
[Black "Jetjet91330"]
[WhiteElo "1450"]
[BlackElo "2100"]
[Result "0-1"]
1.e4 e5
2.Bf1c4 Ng8f6
3.d3 Nb8c6
4.a3 d6
5.h3 Bf8e7
6.Ng1f3 O-O
7.O-O h6
8.b4 Bc8e6
9.Bc1d2 Nc6d4
10.Nf3xd4 exd4
11.Bc4xe6 fxe6
12.f4 Nf6d7
13.g3 c5
14.Bd2e1 e5
15.f5 Be7g5
16.g4 Ra8c8
17.h4 Bg5xh4
18.Be1d2 Bh4g5
19.Rf1f2 c4
20.dxc4 Rc8xc4
21.c3 Bg5xd2
22.Qd1xd2 Nd7f6
23.Qd2e2 Qd8c7
24.Ra1a2 dxc3
25.Ra2c2 Rc4xe4
26.Qe2d3 Re4xg4
27.Rf2g2 Qc7b6
28.Kf1 Rf8c8
29.Rg2xg4 Nf6xg4
30.Qd3g3 h5
31.Rc2xc3 Rc8xc3
32.Nb1xc3 Qb6c6
33.Qg3d3 Qc6h1
34.Ke2 Qh1g2
35.Kd1 Ng4f2
{ abandon }0-1

[Event "XERTIGNY  VOSGES"]
[Site "www.echecsemail.com"]
[Date "2026.01.08"]
[Round "1"]
[White "Mindthegap"]
[Black "4x4"]
[WhiteElo "1500"]
[BlackElo "1460"]
[Result "0-1"]
1.e4 e5
2.Ng1f3 Ng8f6
3.Bf1c4 d6
4.Nb1c3 Bc8e6
5.d3 Be6xc4
6.Bc1g5 Bc4e6
7.O-O Bf8e7
8.Bg5xf6 Be7xf6
9.Rf1e1 Nb8c6
{ abandon }0-1

[Event "Tournoi n27328"]
[Site "www.echecsemail.com"]
[Date "2026.01.08"]
[Round "1"]
[White "Katastrofic"]
[Black "Samjf"]
[WhiteElo "1440"]
[BlackElo "1340"]
[Result "1-0"]
1.e4 d6
2.f3 g6
3.Bf1c4 Nb8c6
4.a3 Nc6a5
5.Bc4a2 Bc8e6
6.Ba2xe6 fxe6
7.d3 Bf8g7
8.d4 Na5c4
9.b3 Nc4a5
10.c3 Ng8f6
11.Ng1e2 O-O
12.Bc1d2 d5
13.e5 Nf6d7
14.c4 b6
15.Bd2xa5 bxa5
16.c5 Rf8f5
17.O-O h5
18.f4 c6
19.Qd1c1 Nd7b8
20.Ne2g3 Rf5f7
21.Ra1a2 a4
22.b4 Nb8d7
23.Qc1d1 a5
24.Qd1xa4 Bg7h6
25.Ra2f2 Qd8c7
26.Nb1d2 Qc7b7
27.Nd2f3 Bh6xf4
28.Nf3h4 Bf4e3
29.Nh4xg6 Rf7xf2
30.Rf1xf2 Be3xd4
31.Ng6xe7 Kh7
32.Qa4c2 Kg7
33.Qc2g6 Kh8
34.Qg6h6 1-0

[Event "Tournoi n27341"]
[Site "www.echecsemail.com"]
[Date "2026.01.08"]
[Round "1"]
[White "4x4"]
[Black "Tizi"]
[WhiteElo "1420"]
[BlackElo "1700"]
[Result "0-1"]
1.e4 e5
2.f4 exf4
3.Ng1f3 d5
4.exd5 Qd8xd5
5.d4 Bc8g4
6.c3 c5
7.Qd1e2 Bf8e7
8.Bc1xf4 Nb8c6
9.Nb1d2 Ra8d8
10.O-O-O g5
11.Bf4e3 Qd5xa2
12.Nd2b1 Bg4xf3
13.gxf3 Nc6a5
14.Qe2c2 Na5b3
15.Qc2xb3 Qa2xb3
16.Bf1d3 cxd4
17.Be3xd4 Rd8xd4
18.cxd4 Ng8f6
19.Bd3c2 Qb3e3
20.Nb1d2 Nf6d5
21.Bc2e4 Nd5b4
22.Rh1e1 Qe3xd4
23.Nd2b3 Qd4c4
24.Be4c2 Qc4xc2
0-1

[Event "Défi"]
[Site "www.echecsemail.com"]
[Date "2026.01.08"]
[Round "1"]
[White "Vvvv"]
[Black "Pheno"]
[WhiteElo "1780"]
[BlackElo "1680"]
[Result "0-1"]
1.e4 e5
2.Ng1f3 d6
3.Bf1c4 Bc8g4
4.d4 Nb8c6
5.Bc4xf7 Kxf7
6.Nf3g5 Ke8
7.Qd1xg4 Nc6xd4
8.O-O Ng8h6
9.Qg4d1 Bf8e7
10.Ng5f3 Nd4e6
11.Nb1d2 b5
12.c3 c6
13.b4 Be7f6
14.Nd2b3 g5
15.h3 Rh8g8
16.Nf3h2 Qd8d7
17.Qd1h5 Rg8g6
18.Nh2g4 Nh6xg4
19.Qh5xg4 Kf7
20.Rf1d1 Ra8g8
21.Nb3c5 Qd7e7
22.Nc5d3 Rg8h8
23.a4 h5
24.Qg4e2 g4
25.axb5 gxh3
26.g3 Bf6h4
27.Qe2a2 Bh4xg3
28.Kf1 Bg3h4
29.Nd3xe5 dxe5
30.bxc6 h2
31.Ke2 Rg6g1
32.Rd1d7 h1Q
33.Rd7xe7 Bh4xe7
34.Qa2xa7 Qh1xe4
35.Qa7e3 Ne6f4
36.Kd2 Rh8d8
{ abandon }0-1

[Event "Eq:La Diagonale du Fou-O fou d hello :"]
[Site "www.echecsemail.com"]
[Date "2026.01.08"]
[Round "1"]
[White "Jyfsk"]
[Black "Blackbishop"]
[WhiteElo "1790"]
[BlackElo "1820"]
[Result "1/2-1/2"]
1.e4 e5
2.d4 exd4
3.Qd1xd4 c5
4.Qd4d1 d6
5.Ng1f3 Nb8d7
6.Bf1d3 Ng8f6
7.O-O g6
8.Bc1g5 Bf8g7
9.Nb1c3 O-O
10.Qd1d2 Rf8e8
11.Rf1e1 Nd7e5
12.Nf3xe5 dxe5
13.Nc3d5 Qd8d6
14.Bg5xf6 Bg7xf6
15.c4 Bf6g7
16.a3 b6
17.Ra1b1 Re8d8
18.b4 cxb4
19.axb4 Bc8e6
20.Re1d1 Be6xd5
21.exd5 Rd8e8
22.Rd1e1 b5
23.Qd2e3 a6
24.Re1d1 bxc4
25.Bd3xc4 Re8c8
26.Rb1c1 Qd6xb4
27.Qe3d3 a5
28.d6 Rc8d8
29.Qd3d5 Rd8f8
30.Rc1b1 Qb4a4
31.d7 Ra8d8
32.Bc4b5 Qa4g4
33.f3 Qg4f5
34.g4 Qf5f4
35.Qd5e4 Qf4xe4
36.fxe4 Bg7f6
37.Rd1d6 Bf6e7
38.Rd6a6 Kg7
39.Ra6xa5 f6
40.Kg2 Be7d6
41.Rb1d1 Bd6c7
42.Ra5a7 Bc7b6
43.Ra7b7 Bb6d4
44.Rd1c1 Kf7
45.Rb7c7 Bd4b6
46.Rc7c8 Ke7
47.Rc8xd8 Rf8xd8
48.Rc1c8 h6
49.h3 { nul }1/2-1/2

[Event "Défi"]
[Site "www.echecsemail.com"]
[Date "2026.01.08"]
[Round "1"]
[White "Sierra117"]
[Black "Pheno"]
[WhiteElo "1630"]
[BlackElo "1660"]
[Result "1-0"]
1.Ng1f3 d6
2.c4 Bc8g4
3.e3 Nb8c6
4.Nb1c3 Ng8f6
5.g3 Nc6e5
6.Bf1e2 Qd8d7
7.d4 Ne5c6
8.a3 Bg4h3
9.Be2f1 Bh3xf1
10.Kxf1 Qd7g4
11.Kg2 Nf6e4
12.Nc3xe4 Qg4xe4
13.Rh1e1 e6
14.Kg1 h6
15.b4 a6
16.Nf3d2 Qe4g6
17.Qd1f3 Bf8e7
18.Bc1b2 O-O
19.e4 e5
20.d5 Nc6b8
21.Bb2c3 c6
22.a4 Nb8d7
23.Nd2b3 f5
24.exf5 Rf8xf5
25.Qf3e4 Nd7f6
26.Qe4g2 cxd5
27.cxd5 Qg6f7
28.Ra1d1 Ra8c8
29.Qg2h3 Rc8xc3
30.Qh3xf5 Rc3xb3
31.Rd1b1 Rb3xb1
32.Re1xb1 Qf7xd5
33.Qf5c8 Kf7
34.Qc8c2 Qd5f3
35.b5 a5
36.Qc2d1 Qf3f5
37.Rb1c1 Nf6g4
38.f3 Ng4e3
39.Qd1e2 Ne3d5
40.Qe2c4 Qf5xf3
41.Rc1f1 Qf3xf1
42.Kxf1 Ke6
43.Qc4c8 Kf6
44.Qc8xb7 Ke6
45.Qb7a6 Nd5e3
46.Ke2 Ne3c4
47.b6 Nc4xb6
48.Qa6xb6 Kd7
49.Qb6xa5 Be7d8
50.Qa5b5 Ke6
51.a5 Bd8xa5
52.Qb5xa5 d5
53.g4 d4
54.Qa5c5 Kf6
55.Qc5d5 h5
56.Kd3 hxg4
57.Ke4 Kg5
58.Qd5xe5 Kh4
59.Kxd4 Kh3
60.Qe5g3 1-0

[Event "Défi( 10J+24H/c 10J Max )"]
[Site "www.echecsemail.com"]
[Date "2026.01.08"]
[Round "1"]
[White "Hberlioz"]
[Black "Patau"]
[WhiteElo "1680"]
[BlackElo "1700"]
[Result "0-1"]
1.e4 e5
2.Nb1c3 Ng8f6
3.d3 d5
4.Bc1g5 dxe4
5.Nc3xe4 Bf8e7
6.Qd1f3 O-O
7.O-O-O Bc8g4
8.Ne4xf6 Be7xf6
9.Bg5xf6 Bg4xf3
10.Bf6xd8 Bf3xd1
11.Kxd1 Rf8xd8
12.Ng1f3 e4
13.Nf3e5 exd3
14.Ne5xd3 c5
15.c4 Nb8c6
16.Bf1e2 Rd8d4
17.b3 Nc6b4
18.Kd2 Nb4xa2
19.Rh1a1 Na2b4
20.Kc3 Nb4xd3
21.Be2xd3 Ra8d8
22.Ra1d1 a5
23.f4 f5
24.h3 Kf7
25.g4 fxg4
26.hxg4 Kf8
27.g5 Rd4xf4
28.Kb2 Rf4f2
29.Ka3 Rf2g2
30.Ka4 Rg2xg5
31.Kb5 Rg5g3
32.Rd1f1 Kg8
33.Bd3e4 Rg3xb3
34.Kxa5 Rd8a8
0-1

[Event "Tournoi n27336"]
[Site "www.echecsemail.com"]
[Date "2026.01.09"]
[Round "1"]
[White "Tizi"]
[Black "Vb83"]
[WhiteElo "1700"]
[BlackElo "1420"]
[Result "1-0"]
1.c4 e5
2.Nb1c3 Bf8b4
3.a3 d6
4.axb4 Ng8f6
5.b5 O-O
6.d3 b6
7.Bc1g5 h6
8.Nc3d5 Nb8d7
9.Nd5xf6 Nd7xf6
10.Bg5h4 a5
11.e4 g5
12.Bh4g3 Bc8g4
13.Bf1e2 Qd8d7
14.h3 Bg4xe2
15.Ng1xe2 a4
16.Ra1xa4 Ra8xa4
17.Qd1xa4 c6
18.bxc6 Qd7c7
19.Ne2c3 Rf8c8
20.Nc3b5 Qc7xc6
21.Qa4a7 Rc8a8
22.Qa7e7 Ra8a1
23.Ke2 Ra1xh1
24.Qe7xf6 h5
25.Nb5xd6 Qc6d7
26.Bg3xe5 { abandon }1-0

[Event "Eq:LechiquierDesHurlus-au plaisir du jeux  :"]
[Site "www.echecsemail.com"]
[Date "2026.01.09"]
[Round "1"]
[White "Calimero"]
[Black "Upsalin"]
[WhiteElo "1979"]
[BlackElo "2520"]
[Result "0-1"]
1.c4 e5
2.g3 f5
3.d3 Bf8b4
4.Nb1c3 Bb4xc3
5.bxc3 d6
6.Bf1g2 Ng8f6
7.Ng1f3 c5
8.O-O O-O
9.Qd1c2 Nb8c6
10.Bc1g5 h6
11.Bg5xf6 Qd8xf6
12.a4 f4
13.e4 b6
14.Nf3d2 Rf8f7
15.Nd2b3 f3
16.Bg2h1 h5
17.a5 bxa5
18.Nb3xa5 Nc6d8
19.Ra1a3 Bc8g4
20.Rf1a1 h4
21.Na5b3 Nd8e6
22.Nb3d2 Ne6g5
23.Qc2d1 hxg3
24.hxg3 Qf6h6
{ abandon }0-1

[Event "Tournoi échelle division 2"]
[Site "www.echecsemail.com"]
[Date "2026.01.09"]
[Round "1"]
[White "Woluwe1975"]
[Black "Patau"]
[WhiteElo "1640"]
[BlackElo "1710"]
[Result "1-0"]
1.d4 d5
2.Bc1f4 Ng8f6
3.e3 e6
4.Ng1f3 c5
5.c3 Nb8c6
6.Nb1d2 Bf8d6
7.Nf3e5 cxd4
8.exd4 O-O
9.Bf1d3 Bd6xe5
10.dxe5 Nf6d7
11.Qd1h5 g6
12.Qh5h6 Nc6xe5
13.Bd3e2 f5
14.O-O-O Qd8f6
15.Bf4g5 Qf6g7
16.Qh6xg7 Kxg7
17.Bg5f4 Ne5g4
18.Be2xg4 fxg4
19.Bf4g3 Nd7c5
20.Nd2b1 Bc8d7
21.h4 gxh3
22.Rh1xh3 Bd7b5
23.Bg3e5 Kg8
24.Rd1h1 Rf8f7
25.Be5d4 Nc5e4
26.Nb1a3 Bb5e2
27.f3 Ne4g5
28.Rh3g3 Rf7f5
29.Bd4e3 Ng5f7
30.Rh1e1 Be2d3
31.Na3c2 Bd3xc2
32.Kxc2 Nf7d6
33.b3 e5
34.Be3c5 Nd6b5
35.a4 Nb5c7
36.Bc5d6 Ra8c8
37.Bd6xc7 Rc8xc7
38.Re1d1 d4
39.c4 Rf5f6
40.Kd3 Rf6b6
41.Kc2 Rb6f6
42.Rg3g4 a6
43.Rg4e4 Rc7e7
44.Kd3 Rf6f4
45.Re4e2 Rf4h4
46.c5 a5
47.Kc4 Rh4f4
48.Kb5 Rf4f6
49.Kxa5 g5
50.Kb5 Kg7
51.Rd1xd4 exd4
52.Re2xe7 Rf6f7
53.Re7xf7 Kxf7
54.Kc4 { abandon }1-0

[Event "Tournoi n27306"]
[Site "www.echecsemail.com"]
[Date "2026.01.09"]
[Round "1"]
[White "Kaelstrum"]
[Black "Jeff75019"]
[WhiteElo "1550"]
[BlackElo "1440"]
[Result "0-1"]
1.e4 e5
2.Ng1f3 Nb8c6
3.Bf1b5 Ng8f6
4.O-O Bf8c5
5.Nb1c3 O-O
6.d3 h6
7.Bc1e3 Bc5xe3
8.fxe3 Nf6g4
9.Qd1d2 d6
10.h3 h5
11.hxg4 Bc8xg4
12.Qd2f2 Qd8f6
13.Nc3d5 Qf6g6
 { temps }0-1

[Event "Eq:au plaisir du jeux -Fair play :"]
[Site "www.echecsemail.com"]
[Date "2026.01.09"]
[Round "1"]
[White "Mequinho"]
[Black "Cyrildu57"]
[WhiteElo "1910"]
[BlackElo "2080"]
[Result "1-0"]
1.e4 c6
2.Nb1c3 d5
3.exd5 cxd5
4.d4 Nb8c6
5.Ng1f3 Ng8f6
6.Bc1f4 Bc8f5
7.Bf1d3 e6
8.O-O Bf5xd3
9.Qd1xd3 Bf8b4
10.Nc3b5 Ra8c8
11.a3 Bb4a5
12.Nb5d6 Ke7
13.Nd6xc8 Qd8xc8
14.c3  { temps }1-0

[Event "VIC LA GARDIOLE"]
[Site "www.echecsemail.com"]
[Date "2026.01.09"]
[Round "1"]
[White "Mindthegap"]
[Black "Qsdmlk"]
[WhiteElo "1440"]
[BlackElo "1550"]
[Result "0-1"]
1.e4 e5
2.Ng1f3 Nb8c6
3.Nb1c3 Ng8f6
4.d4 exd4
5.Nf3xd4 Bf8b4
6.Nd4xc6 bxc6
7.Bc1g5 Qd8e7
8.Bg5xf6 Qe7xf6
9.Qd1f3 Qf6e5
10.Bf1c4 O-O
11.O-O-O Bc8b7
12.Rh1e1 c5
13.Rd1d5 Bb7xd5
{ abandon }0-1

[Event "Tournoi n27306"]
[Site "www.echecsemail.com"]
[Date "2026.01.09"]
[Round "1"]
[White "Buzz84"]
[Black "Kaelstrum"]
[WhiteElo "1460"]
[BlackElo "1530"]
[Result "1-0"]
1.d4 Ng8f6
2.Ng1f3 g6
3.b3 Bf8g7
4.Bc1b2 O-O
5.Nb1d2 d5
6.e3 Bc8g4
7.Bf1d3 e6
8.O-O Nb8d7
9.h3 Bg4xf3
10.Nd2xf3 c5
11.Bb2a3 b6
12.c3 Rf8e8
13.Nf3e5 Nd7xe5
14.dxe5 Nf6d7
15.f4 f6
16.Rf1f3 fxe5
17.c4 e4
18.Rf3g3 exd3
19.Ra1c1 d4
20.Qd1xd3 e5
21.f5 e4
22.Qd3e2  { temps }1-0

[Event "Tournoi n27274"]
[Site "www.echecsemail.com"]
[Date "2026.01.09"]
[Round "1"]
[White "Quasar999"]
[Black "Gulliver"]
[WhiteElo "2000"]
[BlackElo "2320"]
[Result "0-1"]
1.f4 d6
2.e4 Ng8f6
3.Nb1c3 g6
4.Ng1f3 Bf8g7
5.d4 c5
6.d5 O-O
7.Bf1e2 e6
8.O-O exd5
9.exd5 Nb8a6
10.h3 Na6c7
11.Be2c4 b6
12.Rf1e1 a6
13.Bc4d3 b5
14.Bd3f1 b4
15.Nc3e4 Nc7xd5
 { temps }0-1

[Event "Tournoi n27140"]
[Site "www.echecsemail.com"]
[Date "2026.01.09"]
[Round "1"]
[White "Jipepe"]
[Black "Nogean"]
[WhiteElo "1580"]
[BlackElo "1680"]
[Result "0-1"]
1.e4 d6
2.d4 c5
3.d5 Nb8d7
4.Ng1f3 Ng8f6
5.Nb1c3 g6
6.Bf1e2 Bf8g7
7.O-O a6
8.Bc1e3 h6
9.Nf3d2 O-O
10.Nd2c4 b5
11.Nc4d2 Qd8a5
12.a3 Nd7e5
13.b4 cxb4
14.axb4 Qa5xb4
15.Nc3a2 Qb4a4
16.Na2c3 Qa4b4
17.Be3b6 Qb4xc3
18.Bb6a5 Qc3c5
19.Nd2b3 Qc5a7
20.Nb3d4 Nf6xe4
21.Nd4c6 Ne5xc6
22.dxc6 Bg7xa1
23.Qd1xa1 Ne4c5
24.Be2f3 Nc5e6
25.Ba5d2 Kh7
26.Bd2e3 Ne6c5
27.Qa1c3 Ra8b8
28.Qc3d2 Nc5e6
29.Be3xa7 Rb8a8
30.Ba7e3 Ne6c5
31.c7 Ra8a7
32.Be3xh6 Rf8g8
33.Rf1e1 Ra7xc7
34.Bh6g5 Nc5e6
35.Bg5e3 Ne6c5
36.Qd2d4 Nc5e6
37.Qd4h4 Kg7
38.Re1c1 Rg8h8
39.Qh4g3 Bc8d7
40.c3 Rc7c8
41.Bf3e4 Bd7c6
42.Be4xc6 Rc8xc6
43.h4 Rc6c4
44.f4 a5
45.f5 Rc4xh4
46.fxe6 f6
47.Be3b6 Rh4h1
48.Kf2 Rh1xc1
49.Bb6xa5 Rh8c8
50.Qg3f4 Rc1a1
51.Qf4b4 Rc8a8
52.Ba5c7 Ra1c1
53.Bc7xd6 Ra8a2
54.Kg3 exd6
55.Qb4xd6 Rc1xc3
 { temps }0-1

[Event "Tournoi n27377"]
[Site "www.echecsemail.com"]
[Date "2026.01.09"]
[Round "1"]
[White "Ozon"]
[Black "Wenoketo"]
[WhiteElo "1650"]
[BlackElo "1640"]
[Result "0-1"]
1.e4 c6
2.Ng1f3 e6
3.d4 d5
4.Nb1c3 Bf8b4
5.Bc1d2 Nb8d7
6.g3 Bb4xc3
7.Bd2xc3 dxe4
8.Nf3d2 Nd7f6
9.Bf1g2 Qd8c7
10.Nd2xe4 Nf6xe4
11.Bg2xe4 Ng8f6
12.Be4g2 O-O
13.O-O Nf6d5
14.Bc3d2 Qc7b6
15.c3 Qb6c7
16.Qd1g4 Kh8
17.a3 e5
18.Ra1e1 Bc8xg4
19.Re1xe5 Ra8e8
20.Re5g5 Bg4e2
21.Rf1b1 Be2a6
22.Rb1a1 h6
23.Rg5f5 Nd5e7
24.Rf5f3 Ne7d5
25.Bg2f1 Ba6xf1
26.Kxf1 Re8e7
27.c4 Nd5f6
28.Rf3c3 Qc7d8
29.Rc3c1 Rf8e8
30.Bd2c3 Nf6e4
31.Bc3b4 Re7e6
32.Rc1d1 Qd8g5
33.f4 Qg5g4
34.Kg2 h5
35.Kh1 Ne4f2
{ abandon }0-1

[Event "Eq:au plaisir du jeux -O fou d hello :"]
[Site "www.echecsemail.com"]
[Date "2026.01.09"]
[Round "1"]
[White "Jyfsk"]
[Black "Jasmartin"]
[WhiteElo "1830"]
[BlackElo "2070"]
[Result "0-1"]
1.e4 c5
2.d4 cxd4
3.Qd1xd4 Nb8c6
4.Qd4d1 g6
5.Ng1f3 Bf8g7
6.c3 d6
7.Bf1b5 Ng8f6
8.O-O O-O
9.Bb5xc6 bxc6
10.Bc1e3 e5
11.Nb1d2 a5
12.Ra1b1 h6
13.a4 Bc8a6
14.Rf1e1 Ba6d3
15.Rb1a1 Nf6xe4
16.Nd2xe4 Bd3xe4
17.Nf3d2 Be4f5
18.Qd1f3 d5
19.Qf3e2 Qd8d7
20.Be3c5 Rf8c8
21.Nd2f3 Rc8e8
22.Qe2d2 Bf5g4
23.Bc5e3 Bg4xf3
24.gxf3 Qd7h3
25.Qd2e2 Bg7f8
26.Kh1 h5
27.Re1g1 Bf8d6
28.Rg1g3 Qh3d7
29.Ra1g1 e4
30.f4 Kf8
31.Qe2d2 Ke7
32.Rg3g2 Kd8
33.Be3d4 Kc8
34.Qd2e3 Qd7c7
35.Bd4b6 Qc7d7
36.h4 Qd7f5
37.Bb6xa5 Ra8xa5
38.Qe3b6 Ra5c5
39.Qb6a6 Kd7
40.Qa6a7 Ke6
41.Rg2xg6 f6
42.Qa7g7 Qf5h3
0-1